书目信息 |
| 题名: |
电工考工应知题解
|
|
| 作者: | ;北京市技术交流站 编 | |
| 分册: | ||
| 出版信息: | 北京 中国农业机械出版社 1981 |
|
| 页数: | 404页 | |
| 开本: | 19cm | |
| 丛书名: | ||
| 单 册: | ||
| 中图分类: | TM11 | |
| 科图分类: | ||
| 主题词: | 电工--考核--解题 , 电工单位 , 电工--计算 | |
| 电子资源: | ||
| ISBN: | ||
| 000 | 00709nam0 2200253 45 | |
| 001 | 0181003687 | |
| 005 | 20061122084510.39 | |
| 010 | @dCNY1.20 | |
| 091 | @aCN@b15216.068 | |
| 100 | @a19950615d1981 em y0chiy0121 ea | |
| 101 | 0 | @achi |
| 102 | @aCN@b110000 | |
| 105 | @ay qz 000yy | |
| 200 | 10 | @a电工考工应知题解@Adian gong kao gong ying zhi ti jie@f北京市技术交流站编 |
| 210 | @a北京@c中国农业机械出版社@d1981 | |
| 215 | @a404页@d19cm | |
| 606 | @a电工@x考核@x解题 | |
| 606 | 0 | @a电工单位 |
| 606 | 0 | @a电工@x计算 |
| 690 | @aTM11@v3 | |
| 711 | 02 | @a北京市技术交流站@Abei jing shi ji shu jiao liu zhan@4编 |
| 801 | 0 | @aCN@bTSSF@c20061122 |
| 801 | 2 | @aCN@bNLC@c20060722 |
| 905 | @a10447@dTM11@e61 | |
| 电工考工应知题解/北京市技术交流站编.-北京:中国农业机械出版社,1981 |
| 404页;19cm |
| ISBN :CNY1.20 |
| ● |
| 相关链接 |
|
|
|
|
正题名:电工考工应知题解
索取号:TM11/61
 
预约/预借
| 序号 | 登录号 | 条形码 | 馆藏地/架位号 | 状态 | 备注 |
| 1 | 0041299 | 000800547 | 第二样本阅览室/ [索取号:TM11/61] | 在馆 |